Dictionaries, encyclopedias and other word related books (Record no. 38988)
[ view plain ]
| 000 -LEADER | |
|---|---|
| fixed length control field | 00586nam a22001817a 4500 |
| 008 - FIXED-LENGTH DATA ELEMENTS--GENERAL INFORMATION | |
| fixed length control field | 230605b |||||||| |||| 00| 0 eng d |
| 040 ## - CATALOGING SOURCE | |
| Original cataloging agency | National Science Library |
| Transcribing agency | National Science Library |
| 080 ## - UNIVERSAL DECIMAL CLASSIFICATION NUMBER | |
| Universal Decimal Classification number | R 016:03 |
| Item number | M2;M8.1 |
| 245 ## - TITLE STATEMENT | |
| Title | Dictionaries, encyclopedias and other word related books |
| 250 ## - EDITION STATEMENT | |
| Edition statement | 4th ed. |
| 260 ## - PUBLICATION, DISTRIBUTION, ETC. | |
| Place of publication, distribution, etc. | Michigan: |
| Name of publisher, distributor, etc. | Gale Research Company, |
| Date of publication, distribution, etc. | 1988 |
| 300 ## - PHYSICAL DESCRIPTION | |
| Extent | 669p. |
| 500 ## - GENERAL NOTE | |
| General note | Vol. 1 (L C class AC-PM)<br/>Vol. 2 (L C class PN-Z subject index)<br/> |
| 650 ## - SUBJECT ADDED ENTRY--TOPICAL TERM | |
| Topical term or geographic name entry element | Language |
| 653 ## - INDEX TERM--UNCONTROLLED | |
| Uncontrolled term | Dictionaries |
| 700 ## - ADDED ENTRY--PERSONAL NAME | |
| Personal name | Brewer, Annie M (Ed.) |
| 942 ## - ADDED ENTRY ELEMENTS (KOHA) | |
| Source of classification or shelving scheme | Universal Decimal Classification |
| Koha item type | Reference |
| Withdrawn status | Lost status | Source of classification or shelving scheme | Damaged status | Not for loan | Home library | Current library | Shelving location | Date acquired | Serial Enumeration / chronology | Total Checkouts | Full call number | Barcode | Date last seen | Price effective from | Koha item type |
|---|---|---|---|---|---|---|---|---|---|---|---|---|---|---|---|
| Universal Decimal Classification | National Science Library | National Science Library | GF/Rk-23/C-5/R-2 | 20/09/1988 | Vol. 1 (L C class AC-PM) | R 016:03 M2;M8.1 | 169464 | 05/06/2023 | 20/09/1988 | Reference | |||||
| Universal Decimal Classification | National Science Library | National Science Library | GF/Rk-23/C-5/R-2 | 20/09/1988 | Vol. 1 (L C class AC-PM) | Vol. 2 (L C class PN-Z subject index) | 169465 | 05/06/2023 | 20/09/1988 | Reference |